Приключения Чикарели : (Record no. 151391)
[ view plain ]
| 000 -LEADER | |
|---|---|
| fixed length control field | 00870nam a2200229 a 4500 |
| 001 - CONTROL NUMBER | |
| control field | 000399780 |
| 003 - CONTROL NUMBER IDENTIFIER | |
| control field | AM-YeHGA |
| 005 - DATE AND TIME OF LATEST TRANSACTION | |
| control field | 20250618072353.0 |
| 008 - FIXED-LENGTH DATA ELEMENTS--GENERAL INFORMATION | |
| fixed length control field | 041222s1989 ai |||||r|||||||||0|rus|d |
| 020 ## - INTERNATIONAL STANDARD BOOK NUMBER | |
| International Standard Book Number | 5807702433 |
| 040 ## - CATALOGING SOURCE | |
| Original cataloging agency | AM-YeHGA |
| 041 1# - LANGUAGE CODE | |
| Language code of text/sound track or separate title | rus |
| Language code of original | arm |
| 090 ## - LOCALLY ASSIGNED LC-TYPE CALL NUMBER (OCLC); LOCAL CALL NUMBER (RLIN) | |
| -- | 152784 |
| 100 1# - MAIN ENTRY--PERSONAL NAME | |
| Personal name | Մարուխյան, Ռուբեն Արամի, |
| Dates associated with a name | 1934-2024 |
| 9 (RLIN) | 2697 |
| 245 10 - TITLE STATEMENT | |
| Title | Приключения Чикарели : |
| Remainder of title | Повесть-сказка / |
| Statement of responsibility, etc. | Р. Марухян ; Пер. с арм. А. Меружаняна ; Худ. Т. Мангасарян. |
| 260 ## - PUBLICATION, DISTRIBUTION, ETC. | |
| Place of publication, distribution, etc. | Ереван : |
| Name of publisher, distributor, etc. | Аревик, |
| Date of publication, distribution, etc. | 1989. |
| 300 ## - PHYSICAL DESCRIPTION | |
| Extent | 210 с. : |
| Other physical details | ил. ; |
| Dimensions | 22 см. |
| 650 14 - SUBJECT ADDED ENTRY--TOPICAL TERM | |
| Topical term or geographic name entry element | Армянская детская литература |
| General subdivision | Повесть |
| 700 1# - ADDED ENTRY--PERSONAL NAME | |
| Personal name | Меружанян, А. |
| Relator term | пер. |
| Relationship | trl |
| 700 1# - ADDED ENTRY--PERSONAL NAME | |
| Personal name | Мангасарян, Т. |
| Relator term | худ. |
| Relationship | art |
| 942 ## - ADDED ENTRY ELEMENTS (KOHA) | |
| Source of classification or shelving scheme | Universal Decimal Classification |
| Koha item type | Գրքեր / Books |
| Withdrawn status | Lost status | Source of classification or shelving scheme | Damaged status | Not for loan | Collection | Home library | Current library | Date acquired | Total checkouts | Full call number | Barcode | Date last seen | Price effective from | Koha item type | Public note |
|---|---|---|---|---|---|---|---|---|---|---|---|---|---|---|---|
| Universal Decimal Classification | General | Fundamental Scientific Library | Fundamental Scientific Library | 28/12/2016 | PII/609172 | 120609172 | 28/12/2016 | 28/12/2016 | Գրքեր / Books | 30 Days Loan |
ՀՀ Գիտությունների ազգային ակադեմիայի հիմնարար գիտական գրադարան = Fundamental Scientific Library of NAS RA
All site content, except where otherwise noted, is licensed under a